| 000 | 00431nam a22001697a 4500 | ||
|---|---|---|---|
| 005 | 20251108175840.0 | ||
| 008 | 250721s1993 xx 000 0 eng d | ||
| 082 | 1 | 4 | _aJ/796/MY |
| 100 | 1 | _aPRAKASH, VED | |
| 245 | 1 | 0 | _aMY BIG BOOK OF SPORTS & GAMES / |
| 264 | 1 |
_aNEW DELHI : _bDREAMLAND, _c1993. |
|
| 300 | _a48P. | ||
| 650 | 1 | 7 | _aSPORTS |
| 653 | _aناشئون صغار(10-14)سنة | ||
| 942 |
_2ddc _cBK |
||
| 999 |
_c143888 _d143888 |
||